David Bowie - Heroes All Lyrics - Statistics

General Stats
  • This quiz has been taken 270 times
  • The average score is 204 of 256
Answer Stats
Hint Answer % Correct
be
99%
a
98%
I,
98%
I
98%
i
98%
(I
98%
We
98%
we
98%
and
97%
And
97%
for
96%
you,
96%
you
96%
heroes
94%
just
94%
king
94%
on
94%
one
94%
day
93%
queen
93%
will
93%
can
92%
not
92%
nothing
91%
nothing,
91%
(nothing
91%
the
89%
us
86%
could
84%
ever
77%
do
76%
keep
70%
them
70%
like
68%
by
67%
(By
67%
together
67%
all
66%
beat
66%
dolphins
66%
remember
66%
remember)
66%
swim
66%
time
66%
away
63%
Standing
60%
wall
60%
wall)
60%
Oh
58%
drink
57%
drive
57%
is
57%
wish
57%
that
56%
though
55%
Though
55%
we're
55%
We're
55%
i'll
54%
our
54%
'cause
53%
kissed
52%
lovers
52%
mean
52%
Yes
51%
fact
48%
heads
47%
heads)
47%
But
46%
as
44%
other
44%
side
44%
what
44%
fall
43%
fall)
43%
above
42%
say
42%
shot
41%
(over
40%
was
39%
guns
36%
Then
32%
then
32%
steal
31%
shame,
30%
help
26%
stay
22%
better
20%
safer
16%
lying
15%
Maybe
15%
Oh-oh-oh-ohh Oh-oh-oh-ohh
6%
No matching quizzes found
Score Distribution
Percent of People with Each Score
Percentile by Number Answered
Your Score History
You have not taken this quiz